000 00573nam a2200205Ia 4500
005 20250923144759.0
008 008 250917s9999 xx 000 0 eng d
037 _aTextual
040 _aDSWL
_beng
_cDSWL
041 _aeng
_2eng
084 _aYX,ZB, N57;1
_qDSWL
100 _aBiestek, Felix P.
_9828345
245 4 _aThe casework relationship
_cby Felix P. Biestek
260 _aLondon
_bGeorgeAllen & Unwin
_c1957
300 _aix,149
365 _aINR
_b18
925 _g18
942 _cTEXL
_hYX,ZB, N57;1
999 _c1443240
_d1443240